Statistiques concernant Devinez le Département Mystère #64

Cliquez ici pour prendre le quiz!

Statistiques générales

  • Ce quiz a été pris 133 fois
    (101 depuis la dernière actualisation)
  • Le résultat moyen est 28 sur 31

Statistiques - réponses

Type de RéponseRéponse% Correct
Lettre de l'AlphabetI
100%
Lettre de l'AlphabetN
100%
Lettre de l'AlphabetR
100%
Lettre TrouvéeA
99%
Lettre TrouvéeD
97%
Lettre TrouvéeE
97%
Lettre de l'AlphabetO
97%
Lettre de l'AlphabetL
96%
Lettre de l'AlphabetS
96%
Lettre de l'AlphabetV
96%
Lettre de l'AlphabetT
94%
Lettre de l'AlphabetC
92%
Lettre de l'AlphabetH
92%
Lettre de l'AlphabetB
91%
Lettre TrouvéeU
91%
Lettre de l'AlphabetY
91%
Lettre de l'AlphabetF
90%
Lettre de l'AlphabetG
90%
Lettre de l'AlphabetM
90%
Lettre Bien PlacéeE
89%
Lettre de l'AlphabetP
89%
Lettre de l'AlphabetQ
87%
Lettre Bien PlacéeA
86%
Département MystèreAube
86%
Lettre Bien PlacéeD
86%
Lettre de l'AlphabetJ
86%
Lettre de l'AlphabetK
86%
Lettre Bien PlacéeU
86%
Lettre de l'AlphabetW
86%
Lettre de l'AlphabetX
86%
Lettre de l'AlphabetZ
86%

Distribution des résultats

Percentile par nombre de réponses

% des personnes avec chaque résultat

Votre développement - résultats

Vous n’avez pas pris ce quiz depuis la dernière actualisation